| 000 | 00751nas a2200229 454500 | ||
|---|---|---|---|
| 001 | 26272 | ||
| 005 | 20260407193507.0 | ||
| 008 | 260407s1973####ag###########|||spa#d | ||
| 003 | AR-UNSa-BCEJYS | ||
| 040 |
_aAR-UNSa-BCEJYS _bspa _cAR-UNSa-BCEJYS |
||
| 080 |
_a304.4 _xAspectos generales de las políticas y prácticas sociales y culturales (política social) |
||
| 245 | 1 | 0 | _aDebate & crítica |
| 264 | 1 |
_aSan Pablo : _bHUCITEC _c1973 |
|
| 310 | _aFrecuencia: Semestral | ||
| 942 | _cSER | ||
| 590 | _aniveau_biblio:s niveau_hierar:1 | ||
| 100 | 1 | _aWejs, Luis | |
| 650 | _aBrasil | ||
| 650 | _aCiencias sociales | ||
| 650 | _aCultura | ||
| 856 | 4 | 1 |
_uhttps://biblioeco.unsa.edu.ar/pmb/images/revistas/Debate y Critica.jpg _yImagen de portada _qimage/jpeg |
| 999 |
_c8602 _d8602 |
||